Universidad y proyecto nacional /

Guardado en:
Autor Principal: Cirigliano, Gustavo F. J.
Formato: Libro
Idioma:Spanish
Publicado: San Miguel de Tucumán : Universidad Nacional, 1971.
Series:Publicación 1063. Mensaje
Etiquetas: Agregar Etiqueta
Sin Etiquetas, Sea el primero en etiquetar este registro!
LEADER 00507nam a22001575a 4500
001 EUN.um023749
003 AR-BaUNS
005 20050623122902.0
008 041125s1971####ag############000#0#spa#d
245 1 0 |a Universidad y proyecto nacional /  |c Gustavo F. J. Cirigliano. 
260 |a San Miguel de Tucumán :  |b Universidad Nacional,  |c 1971. 
300 |a 64 p. 
490 0 |a Publicación 1063. Mensaje 
100 1 |a Cirigliano, Gustavo F. J. 
082 0 4 |a 379.15 
859 |a Ar-BaUNS  |b BIB. CENTRAL - Sector C  |h 379.15  |i C496  |p 61253/971